MARC

LEADER 00000nam0a2200000 4500
001 260407
005 20231101233457.0
010 |a 5247002369 
020 |a RU  |b 88-31591 
035 |a (RuTPU)RU\TPU\book\283355 
090 |a 260407 
100 |a 20140515d1988 k y0rusy5003 ca 
101 0 |a rus 
102 |a RU 
105 |a a g 001zy 
200 1 |a Нормирование расхода материалов при строительстве скважин  |e справочник  |f И. Е. Шевалдин, М. И. Турко, В. И. Контракевич 
210 |a Москва  |c Недра  |d 1988 
215 |a 272 с.  |c ил. 
320 |a Библиогр.: с. 268-269 (29 назв.). 
320 |a Предм. указ.: с. 269-270. 
606 1 |a Бурение  |x Нормирование расхода материалов  |2 stltpush  |3 (RuTPU)RU\TPU\subj\30240  |9 53372 
610 1 |a нефтяные скважины 
610 1 |a газовые скважины 
610 1 |a буровые скважины 
610 1 |a постройка 
610 1 |a справочники 
675 |a 622.24:658(035.5)  |z rus  |v 3 
700 1 |a Шевалдин  |b И. Е.  |g Иван Егорович 
701 1 |a Турко  |b М. И.  |g Михаил Иванович 
701 1 |a Контракевич  |b В. И.  |g Валерий Иванович 
801 0 |a RU  |b RuMRKP  |c 19950417  |g psbo 
801 1 |a RU  |b 63413507  |c 20140515 
801 2 |a RU  |b 63413507  |c 20140911  |g RCR 
942 |c BK